[Event "Las Americas op U1800 Hybrid"]
[Site "Internet"]
[Date "2022.06.04"]
[Round "1.6"]
[White "Trejo Alonso, Rodrigo Alberto"]
[Black "Echeverria Salvador, Christian Daniel"]
[Result "1/2-1/2"]
[WhiteElo "1718"]
[BlackElo "1471"]
[PlyCount "112"]
[EventDate "2022.06.04"]
[EventType "swiss"]
[EventRounds "6"]
[EventCountry "VEN"]
[SourceTitle "EXT 2024"]
[Source "ChessBase"]
[SourceDate "2023.10.10"]
[SourceVersion "1"]
[SourceVersionDate "2023.10.10"]
[SourceQuality "1"]

1. e4 c5 2. Nf3 d6 3. Bb5+ Nc6 4. 0-0 e6 5. Re1 Bd7 6. c3 e5 7. d4 cxd4 8. cxd4 exd4 9. Nxd4 Nge7 10. Nc3 Nxd4 11. Bxd7+ Qxd7 12. Qxd4 Nc6 13. Qd1 Be7 14. Bf4 Rd8 15. Nd5 0-0 16. Rc1 Qe6 17. Qb3 Rd7 18. Rcd1 Rfd8 19. Qg3 Ne5 20. Bd2 Ng6 21. Bc3 Bh4 22. Qe3 b6 23. g3 Be7 24. f4 Qg4 25. Qe2 Qh3 26. Qg2 Qxg2+ 27. Kxg2 Bf8 28. h4 Ne7 29. g4 Nxd5 30. Rxd5 f6 31. Red1 Kf7 32. e5 fxe5 33. fxe5 Ke6 34. exd6 Bxd6 35. Rf5 Bf8 36. Re1+ Kd6 37. Bb4+ Kc7 38. Rxf8 Rxf8 39. Bxf8 Rd2+ 40. Kf3 Rxb2 41. a3 Rd2 42. Bxg7 Rd7 43. Bf6 a5 44. Re7 b5 45. g5 b4 46. Rxd7+ Kxd7 47. axb4 axb4 48. Ke4 Ke6 49. h5 h6 50. Bg7 hxg5 51. h6 Kf7 52. Kf5 g4 53. Kxg4 Kg6 54. Kf3 b3 55. Ke2 b2 56. Bxb2 Kxh6 1/2-1/2

[Event "Iberoamerican-ch 8th"]
[Site "Mexico City"]
[Date "2022.02.16"]
[Round "6"]
[White "Trejo Alonso, Rodrigo Alberto"]
[Black "Fernandez Rivero, Karla July"]
[Result "0-1"]
[WhiteElo "1696"]
[BlackElo "2025"]
[PlyCount "52"]
[EventDate "2022.02.12"]
[EventType "swiss"]
[EventRounds "9"]
[EventCountry "MEX"]
[SourceTitle "CBM 206 Extra"]
[Source "ChessBase"]
[SourceDate "2022.03.31"]
[SourceVersion "1"]
[SourceVersionDate "2022.03.31"]
[SourceQuality "1"]

1. Nf3 Nf6 2. g3 e6 3. Bg2 d5 4. 0-0 Be7 5. c4 dxc4 6. Qa4+ c6 7. Qxc4 b5 8. Qc2 Bb7 9. d3 c5 10. Nc3 a6 11. Bf4 Nc6 12. a3 Rc8 13. Ne5 Nd4 14. Qd1 Bxg2 15. Kxg2 Nd5 16. e4 Nxf4+ 17. gxf4 0-0 18. Kh1 f6 19. Nf3 f5 20. Nxd4 cxd4 21. Ne2 fxe4 22. dxe4 d3 23. Ng3 Rxf4 24. Qd2 Rf8 25. Rac1 Rxc1 26. Rxc1 Bg5 0-1

[Event "Iberoamerican-ch 8th"]
[Site "Mexico City"]
[Date "2022.02.12"]
[Round "1"]
[White "Blanco Fernandez, Alvaro"]
[Black "Trejo Alonso, Rodrigo Alberto"]
[Result "1-0"]
[WhiteElo "2216"]
[BlackElo "1696"]
[PlyCount "61"]
[EventDate "2022.02.12"]
[EventType "swiss"]
[EventRounds "9"]
[EventCountry "MEX"]
[SourceTitle "CBM 206 Extra"]
[Source "ChessBase"]
[SourceDate "2022.03.31"]
[SourceVersion "1"]
[SourceVersionDate "2022.03.31"]
[SourceQuality "1"]

1. d4 Nf6 2. c4 g6 3. Nc3 Bg7 4. e4 d6 5. Be2 Nc6 6. Nf3 0-0 7. 0-0 e5 8. d5 Nb8 9. Ne1 Ne8 10. Nd3 f5 11. Bd2 Nf6 12. f3 Nh5 13. Rc1 f4 14. Be1 Na6 15. b4 Qg5 16. Qd2 Qh6 17. c5 g5 18. cxd6 cxd6 19. Nb5 Rf7 20. Bf2 Bf8 21. Nxa7 Bd7 22. b5 g4 23. bxa6 Rg7 24. fxg4 Nf6 25. axb7 Rb8 26. Rc7 Nxe4 27. Qe1 Nf6 28. Nc6 Nxg4 29. Bxg4 Rxg4 30. Rxd7 Qh3 31. Nxf4 1-0